000 00374nam a22001577a 4500
003 BT-PhCST
020 _a8187328878
040 _cBT-PhCST
082 _222
_a620.1
100 _aKumaravelan, R.
245 _aEngineering mechanics /
260 _aNew Delhi,
_bScitech Publications,
_cNA
300 _aI.3 p. ;
_bill. ;
_c24 cm.
942 _2ddc
_cMEC
_07
999 _c203
_d203
999 _c248
_d248